000 00523nam a2200181 a 4500
001 12316
003 CO-ViMGA
008 141112s2004 ck r 000 u spa d
040 _aCO-ViMGA
_bspa
_cCO-ViMGA
082 0 4 _a801.9 P68c
100 1 _aPoulet, Georges
_917577
245 1 0 _aLos Caminos actuales de la Critica
260 _aBarcelona :
_bPlaneta,
_c1969
300 _a355p.
590 _aForma de adquisición : Donación - - Proveedor : Dr. Rafael Salamanca
650 1 4 _aCRITICA LITERARIA
_94123
942 _2ddc
_cBK
999 _c23327
_d23327